Health for Everyone? Social Inequalities in Health and Health Systems

Salvato in:
Dettagli Bibliografici
Natura: Libro
Lingua:inglese
Pubblicazione: Paris OECD 2019
Serie:OECD Health Policy Studies
Soggetti:
Tags: Aggiungi Tag
Nessun Tag, puoi essere il primo ad aggiungerne!!

MARC

LEADER 00000nam a2200000 4500
001 0267108
005 20221220064530.7
020 |a 978-92-64-73160-8 
041 0 |a eng 
044 |a FR 
245 1 0 |a Health for Everyone?  |b Social Inequalities in Health and Health Systems 
264 1 |a Paris  |b OECD  |c 2019 
300 |a 187 s. 
490 1 |a OECD Health Policy Studies 
830 0 |a OECD Health Policy Studies 
610 2 0 |a zdravie 
610 2 0 |a zdravotníctvo 
610 2 0 |a nerovnosť sociálna 
610 2 0 |a služby zdravotnícke 
610 2 0 |a starostlivosť zdravotná 
610 2 0 |a ceny 
610 2 0 |a porovnanie štatistické medzinárodné